Statystyki dla Państwa z wieloma systemami metra

Kliknij tutaj aby rozwiązać quiz!

Ogólne statystyki

  • Ten quiz został rozwiązany 45 razy
  • Średni wynik to 17 z 21

Statystyki odpowiedzi

LiczbaPaństwo% Poprawnych
46Chiny
100%
6Francja
100%
7Rosja
100%
3Hiszpania
98%
13Japonia
95%
8Brazylia
93%
15Indie
93%
4Niemcy
93%
15Stany Zjednoczone
93%
4Wielka Brytania
93%
3Kanada
90%
3Meksyk
90%
8Korea Południowa
88%
7Włochy
88%
5Turcja
78%
3Ukraina
73%
6Iran
59%
2Holandia
56%
2Tajlandia
56%
5Tajwan
41%
2Filipiny
37%

Rozkład punktacji

Percentyl według liczby udzielonych odpowiedzi

Procent ludzi z każdym wynikiem

Twoja historia wyników

Nie rozwiązałeś tego quizu